Co to za osoba - Statystyki

Ogólne statystyki
  • Ten quiz został rozwiązany 56 razy
  • Średni wynik to 27 z 50
Statystyki odpowiedzi
Obrazkowy Odpowiedź % Poprawnych
Cristiano Ronaldo
90%
Adolf Hitler
88%
Spider-man
88%
Batman
86%
Jan Paweł II
83%
Albert Einstein
81%
Leonardo DiCaprio
81%
Myszka Miki
81%
Walt Disney
81%
Elon Musk
79%
Złomek
76%
Janosik
74%
Józef Piłsudski
71%
Michael Jackson
69%
Maryla Rodowicz
67%
Elvis Presley
62%
Eminem
62%
Freddie Mercury
62%
Lech Wałęsa
60%
Krzysztof Krawczyk
57%
Tupac Shakur
57%
Krzysztof Kolumb
55%
Tom Hanks
55%
Zenon Martyniuk
55%
John F. Kennedy
52%
LeBron James
52%
Witold Pilecki
52%
Diego Maradona
50%
Lionel Messi
50%
Muhammad Ali
50%
Michael Jordan
45%
Willy Wonka
45%
Jeff Bezos
43%
Józef Stalin
43%
Mike Tyson
43%
Harrison Ford
40%
Jim Carrey
40%
Pelé
40%
Elton John
38%
Elżbieta II
38%
Arnold Schwarzenegger
36%
Steve Jobs
36%
Enzo Ferrari
31%
Tobey Maguire
31%
Johnny Depp
29%
Harland Sanders
26%
Shakira
26%
Bill Gates
24%
Mahatma Gandhi
21%
Bradley Cooper
19%
Nie znaleziono quizów pasujących do podanych kryteriów
Rozkład punktacji
Procent ludzi z każdym wynikiem
Percentyl według liczby udzielonych odpowiedzi
Twoja historia wyników
Nie rozwiązałeś tego quizu